[Event "Jaen 1st"]
[Site "Jaen"]
[Date "2013.08.15"]
[Round "8"]
[White "Hernandez Perez, Juan Carlos"]
[Black "Juan Delgado, Adrian"]
[Result "1/2-1/2"]
[WhiteElo "1923"]
[BlackElo "1865"]
[PlyCount "44"]
[EventDate "2013.08.12"]
[EventType "tourn"]
[EventRounds "9"]
[EventCountry "ESP"]
[SourceTitle "CBM 155 Extra"]
[Source "ChessBase"]
[SourceDate "2013.08.26"]
[SourceVersion "1"]
[SourceVersionDate "2013.08.26"]
[SourceQuality "1"]

1. e4 e6 2. d4 d5 3. Nc3 Nf6 4. Bd3 c5 5. Nf3 cxd4 6. Nxd4 e5 7. Nf3 d4 8. Ne2 Bg4 9. Ng3 Bxf3 10. gxf3 Nc6 11. a3 a6 12. f4 exf4 13. Bxf4 Bd6 14. Bxd6 Qxd6 15. Nf5 Qf4 16. Nxg7+ Kf8 17. Nh5 Nxh5 18. Qxh5 Ne5 19. Qf5 Qxf5 20. exf5 Nxd3+ 21. cxd3 Re8+ 22. Kd2 Rg8 1/2-1/2

[Event "Jaen 1st"]
[Site "Jaen"]
[Date "2013.08.13"]
[Round "4"]
[White "Hernandez Perez, Juan Carlos"]
[Black "Renteria Becerra, Jorge Elicer"]
[Result "0-1"]
[WhiteElo "1923"]
[BlackElo "2317"]
[PlyCount "100"]
[EventDate "2013.08.12"]
[EventType "tourn"]
[EventRounds "9"]
[EventCountry "ESP"]
[SourceTitle "CBM 155 Extra"]
[Source "ChessBase"]
[SourceDate "2013.08.26"]
[SourceVersion "1"]
[SourceVersionDate "2013.08.26"]
[SourceQuality "1"]

1. e4 c5 2. Nf3 d6 3. d4 cxd4 4. Nxd4 Nf6 5. Nc3 a6 6. Bg5 e6 7. f4 Qb6 8. Nb3 h6 9. Bxf6 Qe3+ 10. Be2 gxf6 11. Qd2 Qxd2+ 12. Nxd2 Nd7 13. Bf3 Rb8 14. a4 b6 15. Rd1 b5 16. axb5 axb5 17. Ra1 Nc5 18. Be2 Bd7 19. Ra5 b4 20. Nb5 Be7 21. Nc7+ Kf8 22. Ra7 Bc6 23. Bf3 b3 24. Nxb3 Nxb3 25. cxb3 Rxb3 26. 0-0 Rxb2 27. Rc1 Bb7 28. Nxe6+ fxe6 29. Rc7 h5 30. Raxb7 Rxb7 31. Rxb7 Kf7 32. Rb5 e5 33. f5 h4 34. h3 Rc8 35. Rd5 Bf8 36. Kf2 Kg7 37. Be2 Rc2 38. Kf3 Kh6 39. Rd3 Kg5 40. Bd1 Rb2 41. Be2 Be7 42. Bd1 Bd8 43. Be2 Bb6 44. Rxd6 Bd4 45. Rxd4 exd4 46. Bd3 Rb3 47. Ke2 Kf4 48. Bc2 Re3+ 49. Kf2 d3 50. Bd1 Rxe4 0-1

[Event "Andalucia-ch"]
[Site "Lucena"]
[Date "2012.04.29"]
[Round "5"]
[White "Ferrer Sanchez, Pedro Jesus"]
[Black "Hernandez Perez, Juan Carlos"]
[Result "1-0"]
[WhiteElo "2161"]
[BlackElo "1977"]
[PlyCount "53"]
[EventDate "2012.04.26"]
[EventType "swiss"]
[EventRounds "9"]
[EventCountry "ESP"]
[SourceTitle "EXT 2013"]
[Source "ChessBase"]
[SourceDate "2012.11.22"]
[SourceVersion "1"]
[SourceVersionDate "2012.11.22"]
[SourceQuality "1"]

1. e4 e5 2. Bc4 Nc6 3. Nf3 Be7 4. 0-0 Nf6 5. d3 d6 6. c3 0-0 7. Nbd2 d5 8. Bb3 Bg4 9. h3 Bh5 10. Re1 dxe4 11. dxe4 Bc5 12. Qe2 Re8 13. Nf1 Bg6 14. Ng3 Nh5 15. Nxh5 Bxh5 16. g4 Bg6 17. h4 h5 18. Ng5 Qf6 19. Be3 Bxe3 20. fxe3 hxg4 21. Rf1 Qe7 22. Bxf7+ Bxf7 23. Rxf7 Qd6 24. Rd1 Qh6 25. Rdd7 Re7 26. Rfxe7 Nxe7 27. Qc4+ 1-0

[Event "Andalucia-ch"]
[Site "Lucena"]
[Date "2012.04.28"]
[Round "4"]
[White "Jimenez Melguizo, Francisco"]
[Black "Hernandez Perez, Juan Carlos"]
[Result "1/2-1/2"]
[WhiteElo "1784"]
[BlackElo "1977"]
[PlyCount "92"]
[EventDate "2012.04.26"]
[EventType "swiss"]
[EventRounds "9"]
[EventCountry "ESP"]
[SourceTitle "EXT 2013"]
[Source "ChessBase"]
[SourceDate "2012.11.22"]
[SourceVersion "1"]
[SourceVersionDate "2012.11.22"]
[SourceQuality "1"]

1. f4 Nf6 2. Nf3 d5 3. e3 c5 4. b3 Nc6 5. Bb5 Qb6 6. a4 Bd7 7. Bb2 a6 8. Bxc6 bxc6 9. 0-0 c4 10. a5 Qb7 11. Bd4 cxb3 12. cxb3 e6 13. Bb6 c5 14. Qc2 Bb5 15. Rc1 Nd7 16. d4 Nxb6 17. axb6 Rc8 18. Nc3 cxd4 19. Nxd4 Bd7 20. Qa2 Qxb6 21. Qxa6 Bc5 22. Qxb6 Bxb6 23. Na4 Ba7 24. Rxc8+ Bxc8 25. Kf2 Bxd4 26. exd4 Ke7 27. Nc5 Rd8 28. Ra7+ Bd7 29. Ke3 Ke8 30. Nxd7 Rxd7 31. Rxd7 Kxd7 32. g4 f6 33. g5 Kd6 34. h4 Kc6 35. Kd3 Kd6 36. Ke3 e5 37. dxe5+ fxe5 38. fxe5+ Kxe5 39. b4 d4+ 40. Kd3 Kd5 41. b5 Kc5 42. h5 Kxb5 43. Kxd4 Kc6 44. Ke5 Kd7 45. Kf5 Kd6 46. h6 gxh6 1/2-1/2